U.S. States That Should Gain the Most Counties - Statistics

General Stats
  • This quiz has been taken 186 times
  • The average score is 8 of 10
Answer Stats
State Counties Gained % Correct
California +305
97%
Texas +38
96%
Florida +149
94%
New York +122
91%
Pennsylvania +53
76%
Arizona +55
75%
Washington +35
75%
Massachusetts +52
71%
New Jersey +67
68%
Maryland +34
53%
No matching quizzes found
Score Distribution
Percent of People with Each Score
Percentile by Number Answered
Your Score History
You have not taken this quiz